| 000 | 00774cab a2200289 4500 | ||
|---|---|---|---|
| 001 | WB2745-25 | ||
| 008 | 090401t1991 xxu||||| |||| 00| 0 eng d | ||
| 035 | _a(Sirsi) u44823 | ||
| 041 | _aeng | ||
| 245 | _aRichest cities in Europe | ||
| 260 | _c1991 | ||
| 350 | _a0 | ||
| 490 |
_aEuroProperty _v11 November 1991, 15(1) |
||
| 520 | _aAccording to a survey of 169 European regions by Cambridge Econometrics, six German cities head the ranking based on GDP per capita. | ||
| 650 | _aCAMBRIDGE ECONOMETRICS | ||
| 650 | _aCITIES | ||
| 650 | _aECONOMIC GROWTH | ||
| 650 | _aEUROPE | ||
| 650 | _aFORECAST | ||
| 650 | _aGDP | ||
| 650 | _aGERMANY | ||
| 650 | _aHAMBURG | ||
| 650 | _aWEALTH | ||
| 690 | _aOVERSEAS-EUROPE | ||
| 942 | _n0 | ||
| 948 | _c04/03/1997 | ||
| 999 |
_c28481 _d28481 |
||